Compiler: principles techniques and tool (Record no. 5084)

MARC details
000 -LEADER
fixed length control field 00433nam a22001697a 4500
005 - DATE AND TIME OF LATEST TRANSACTION
control field 20210909161955.0
008 - FIXED-LENGTH DATA ELEMENTS--GENERAL INFORMATION
fixed length control field 160701b xxu||||| |||| 00| 0 eng d
020 ## - INTERNATIONAL STANDARD BOOK NUMBER
ISBN 978-93-325-1866-7
041 ## - LANGUAGE CODE
Language code of text/sound track or separate title eng
082 ## - DEWEY DECIMAL CLASSIFICATION NUMBER
Item number 20482
Classification number 005.453
100 ## - MAIN ENTRY--AUTHOR NAME
Personal name Aho,alfred V & other
245 ## - TITLE STATEMENT
Title Compiler: principles techniques and tool
260 ## - PUBLICATION, DISTRIBUTION, ETC. (IMPRINT)
Name of publisher Pearson
Year of publication 2014
300 ## - PHYSICAL DESCRIPTION
Number of Pages 930
650 ## - SUBJECT ADDED ENTRY--TOPICAL TERM
Topical Term Information Technology
942 ## - ADDED ENTRY ELEMENTS (KOHA)
Koha item type Books
Holdings
Lost status Damaged status Collection code Home library Current library Shelving location Date acquired Cost, normal purchase price Full call number Accession Number Koha item type Source of acquisition
    Reference JRU Library   SHELF-30-B 01/07/2016 899.00 005.453 20482 Books  
    CS/IT JRU Library JRU Library SHELF-49-F 01/07/2016 899.00 005.453 20483 Books PURCHASE
    CS/IT JRU Library JRU Library SHELF-49-F 01/07/2016 899.00 005.453 20484 Books PURCHASE
    CS/IT JRU Library JRU Library SHELF-49-F 01/07/2016 899.00 005.453 20485 Books PURCHASE
    CS/IT JRU Library JRU Library SHELF-49-F 01/07/2016 899.00 005.453 20486 Books PURCHASE